|
|
|
|
| LEADER |
00000nab a2200000 a 4500 |
| 001 |
vtls000091500 |
| 003 |
SK-MaSNL |
| 005 |
20260305023400.0 |
| 008 |
111103c1981 xo 0 slo |
| 015 |
|
|
|a SNBRB19rr/mm-uuuuu
|
| 035 |
|
|
|a CL0101603
|
| 040 |
|
|
|a SNKBUCL
|b slo
|c SNKBUCL
|e AACR2
|
| 041 |
0 |
|
|a slo
|
| 044 |
|
|
|a xo
|c SK
|
| 080 |
|
|
|a 885.4-1
|2 1981
|
| 100 |
1 |
|
|a Hujík, Viktor,
|d 1940-2006
|4 aut
|9 264739
|
| 245 |
1 |
0 |
|a Sonet za Jankom Blahom
|c Viktor Hujík
|
| 600 |
1 |
7 |
|a Blaho, Janko,
|d 1901-1981
|2 snkbucl
|9 107893
|
| 655 |
|
7 |
|a články z novín a časopisov
|2 snkbucl
|9 267496
|
| 655 |
|
7 |
|a články z odboru literárna veda a krásna literatúra
|2 snkbucl
|9 770045
|
| 655 |
|
7 |
|a dedikačná poézia
|2 snkbucl
|9 240053
|
| 655 |
|
7 |
|a slovenská poézia
|2 snkbucl
|9 70444
|
| 773 |
0 |
|
|t Ľud
|g Roč. 34, č. 102 (1. 5. 1981), s. 4
|
| 850 |
|
|
|a Slovenská národná knižnica
|
| 852 |
|
|
|a Slovenská národná knižnica
|
| 958 |
|
|
|a RK
|
| 958 |
|
|
|a LX
|
| 992 |
|
|
|a RBX
|
| 999 |
|
|
|c 3296556
|d 3298486
|